000 00323nam a22001457a 4500
008 221201b ||||| |||| 00| 0 eng d
020 _a9780121335700
041 _aeng
080 _a616.8
082 _a616.8
100 _a12
101 _aPSI
245 _aOPTICAL COHERENCE TOMOGRAPHY
_cBREZINSKI M
942 _2udc
_cBK
999 _c59061
_d59061